000 01795cam a22004694i 4500
003 PE-LiUPU
005 20250731173444.0
008 150616s1969 r 000 0 spa d
035 _a(Sirsi) a5817
040 _aPE-LiUPU
_bspa
_cPE-LiUPU
_erda
049 _aPRUA
082 0 4 _a220.66
_bB39
_221
100 1 _aBerkhof, Luis,
_eautor.
245 1 0 _aPrincipios de Interpretación Bíblica /
_cLuis Berkhof.
264 1 _aTarrasa :
_bCLIE,
_c1969.
300 _a206 páginas ;
_c18 centímetros
336 _atext
_2rdacontent
337 _aunmediated
_2rdamedia
338 _avolume
_2rdacarrier
505 0 _aHistoria de los principios Hermenéuticos en la iglesia Cristiana -- Objeto de la Hermenéutica Sacra -- La interpretación Gramatical -- La interpretación histórica y teológica.
526 _aSEG42
526 _aSEG41
526 _aSEG40
526 _aSEG39
526 _aP94
526 _aP87
526 _aP86
526 _aP85
526 _aP77
526 _aP76
526 _aP35
650 0 4 _aHermenéutica bíblica.
910 _ajck
_bjvq
_cjck
942 _2ddc
_cBOOK
949 _a220.66 B39
_wDEWEY
_c1
_i39232
_lCCODEBUL1
_mBUL
_p00.00
_r0
_sY
_tBOOK
_u19951009
_xTEOLOGIA
_zUNKNOWN
_0COMPRA
_o.STAFF. Colección General
994 _aC0
_bPEPRU
596 _a1 2
999 _a220.66 B39
_wDEWEY
_c56885
_i39232
_d56885
_e2017-5-16
_f2021-11-11
_g5
_lCCODEBUL1
_mBUL
_n3
_p12.99
_r0
_sY
_tBOOK
_u2015-6-16
_xTEOLOGIA
_PP35
_0COMPRA
_o.STAFF. Colección Teología
999 _a220.6 B39
_wDEWEY
_c1
_iFT00019
_f2019-2-20
_g1
_lCCODEBUT1
_mBUT
_r0
_sY
_tBOOK
_u2015-10-23
_xBIBLIOTECA
_PP35
_0DONACION
_o.STAFF. Colección General
980 _81
_gALBERTO SANCHEZ Responsable de Automatización